| 000 | 01234nam a2200229 i 4500 | ||
|---|---|---|---|
| 001 | 120252 | ||
| 003 | ES-MaACL | ||
| 005 | 20250730155722.0 | ||
| 007 | t| | ||
| 008 | 070214m19421968sp r ||||1| spa d | ||
| 245 | 0 | 0 |
_aHistoria de España _b: gran historia general de los pueblos hispanos / _cdirector Luis Pericot. |
| 260 |
_aBarcelona : _bInstituto Gallach, _c1942-68. |
||
| 300 |
_a6 v. : _bil. ; _c31 cm. |
||
| 505 | 8 | _aContiene: Tomo I. Epocas primitiva y romana por Luis Pericot. Tomo II. La Alta Edad Media ( siglos V al XIII) por Julián María Rubio. Tomo III. La Baja Edad Media y la unidad nacional por Julián María Rubio. Tomo IV. La casa de Austria (siglos XVI y XVII) por Luis Ulloa Cisneros. Tomo V. La casa Borbón (siglos XVIII al XX) por Luis Ulloa Cisneros . Tomo VI. Epoca contemporánea ( la segunda república, la guerra civil, la España actual) por Carlos Seco Serrano. | |
| 651 | 4 |
_aEspaña- _xHistoria. _98209 |
|
| 700 | 1 |
_aRubio Esteban, Julián María. _9100404 |
|
| 700 | 1 |
_aUlloa Cisneros, Luis. _9111945 |
|
| 700 | 1 |
_aSeco Serrano, Carlos, _d1923-2020 _9105054 |
|
| 700 | 1 |
_aPericot, Luis, _d1899-1978 _991262 |
|
| 852 |
_aES-MaACL _jB-433-37-Bis _bR.22957 |
||
| 999 |
_c120252 _d120252 |
||